000 00796pam a2200253 a 4500
001 3369543
005 20240206010305.0
008 871229r19881987nyua b 000 0 eng
020 _a0416016510 (hb)
020 _a0415900026 (pbk.) :
040 _aDLC
_cDLC
_dDLC
082 0 0 _a306
_219
_bGAY.
100 1 _aSpivak, Gayatri Chakravorty.
245 1 0 _aIn other worlds :
_bessays in cultural politics /
_cGayatri Chakravorty Spivak.
260 _aNew York :
_bRoutledge,
_c1988.
300 _axix, 309 p. :
500 _aOriginally published: New York : Methuen, 1987.
650 0 _aCulture.
650 0 _aFeminism and literature.
650 0 _aWomen and literature.
650 0 _aFeminist criticism.
856 4 2 _uhttp://www.loc.gov/catdir/enhancements/fy0702/87037676-d.html
942 _cL
999 _c292
_d292